|
|
|
|
| LEADER |
00988aam a22003498a 4500 |
| 001 |
00036920 |
| 005 |
20171026081025.0 |
| 008 |
170407s2006 ||||||Viesd |
| 041 |
0 |
# |
|a Vie
|
| 082 |
1 |
4 |
|a 782.421 62
|b Đ113KH
|
| 245 |
1 |
0 |
|a Đặc khảo Ca Trù Việt Nam
|c Đặng Hoàng Lan; Phạm Minh Hương; Hồ Thị Hồng Dung...[Và Những Người khác]
|
| 260 |
# |
# |
|a Hà Nội
|b Nhạc viện Hà Nội
|c 2006
|
| 300 |
# |
# |
|a 633tr.
|c 27 cm.
|
| 653 |
# |
# |
|a Ca Trù
|
| 653 |
# |
# |
|a Nghiên cứu
|
| 653 |
# |
# |
|a Việt Nam
|
| 653 |
# |
# |
|a Âm nhạc
|
| 852 |
# |
# |
|b Kho mượn
|j KM.0020768, KM.0020884
|
| 852 |
# |
# |
|b Kho đọc
|j KD.0019793
|
| 852 |
# |
# |
|j KM.0020884
|j KM.0020768
|j KD.0019793
|
| 910 |
|
|
|d 07/04/2017
|
| 980 |
# |
# |
|a Trung tâm Học liệu Lê Vũ Hùng, Trường Đại học Đồng Tháp
|